Szczegóły MARC21

Polityka społeczno-gospodarcza : (wybrane problemy) /

003 -Nazwa inst., której nr kontr. jest w polu 001 [,]
    • @
    • Nazwa instytucji, której n kontrolny jest w polu 001
    • NUKAT
005 -DATA I CZAS OSTATNIEJ MODYFIKACJI [,]
    • @
    • pole kontrolne
    • 20241231091225.0
040 -Instytucja sporządzająca opis [ , ]
    • a
    • Instytucja, która sporządziła opis (NP)
    • LUBL 64/MJ
    • c
    • Instytucja, która sporządziła rekord (NP)
    • LUBL 64/MJ
    • d
    • Instytucja, która zmodyfikowała rekord (P)
    • LUBL 64/MJ
    • d
    • Instytucja, która zmodyfikowała rekord (P)
    • WA U/EMBs
942 -Rodzaj dokumentu [ , ]
    • c
    • Rodzaj dokumentu
    • Książka
245 -Strefa tytułu i oznaczenia odpowiedzialności [0,0]
    • a
    • Tytuł
    • Polityka społeczno-gospodarcza : Find
    • b
    • Ciąg dalszy tytułu (NP)
    • (wybrane problemy) / Find
    • c
    • Pozostałe elementy strefy tytułu i oznaczenia odpowiedzialności (NP)
    • [kom. red. Tadeusz Białecki et al. ; red. nauk. Andrzej Danecki ; aut. poszcz. rozdz. Andrzej Danecki et al.].
260 -Strefa adresu wydawniczego [ , ]
    • a
    • Miejsce wydania (P)
    • Szczecin :
    • b
    • Nazwa wydawcy (P)
    • Wydaw. Naukowe Uniwersytetu Szczecińskiego,
    • c
    • Data wydania (P)
    • 1991.
300 -Strefa opisu fizycznego [ , ]
    • a
    • Określenie formy książki i/lub objętość (NP)
    • 202 s. ;
    • c
    • Format (NP)
    • 24 cm.
336 -Typ zawartości [ , ]
    • a
    • Termin opisujący typ zawartości
    • Tekst
    • b
    • Kod określający zawartość
    • txt
    • 2
    • Źródło (terminu i kodu)
    • rdacontent
337 -Typ mediów [ , ]
    • a
    • Tryb odtwarzania
    • Bez urządzenia pośredniczącego
    • b
    • Kod typu mediów
    • n
    • 2
    • Źródło (terminu i kodu)
    • rdamedia
338 -Typ/rodzaj nośnika [ , ]
    • a
    • Hasło opisujące typ nośnika
    • Wolumin
    • b
    • Kod typu nośnika
    • nc
    • 2
    • Źródło (terminu i kodu)
    • rdacarrier
504 -Uwaga dot. bibliogr. załącznikowej [ , ]
    • a
    • Uwaga dot. bibliografii załącznikowej
    • Bibliogr. przy rozdz.
521 -Uwaga dot. przeznaczenia czytelniczego [8, ]
    • a
    • Uwaga dot. przeznaczenia czytelniczego
    • Skrypt dla studentów Wydziału Ekonomicznego (uzupełniające studia magisterskie).
080 -Uniwersalna Klasyfikacja Dziesiętna [ , ]
    • a
    • Symbol klasyfikacji
    • 304
    • 9
    • UKD
    • 2710
    • 2
    • Identyfikator wydania tablic
    • UDC-P058
    • b
    • Dopowiedzenie
    • Ogólne zagadnienia społeczne. Polityka społeczna.
080 -Uniwersalna Klasyfikacja Dziesiętna [ , ]
    • a
    • Symbol klasyfikacji
    • +338.2(075.8)
650 -Hasło przedmiotowe [ ,7]
    • a
    • Hasło przedmiotowe
    • Polityka społeczna
    • v
    • Określnik formalny
    • podręczniki akademickie.
    • 2
    • Źródło terminu
    • kaba
    • 9
    • KHW
    • 359883
980 -Symbol UKD [ , ]
    • a
    • UKD
    • 304+338.2(075.8)
700 -Hasło dodatkowe - nazwa osobowa [1, ]
    • a
    • Nazwa osobowa (NP)
    • Białecki, Tadeusz Find
    • d
    • Daty biograficzne (NP)
    • (1933- ).
    • e
    • Określenie rodzaju współpracy
    • Red.
    • 9
    • KHW
    • 7603
700 -Hasło dodatkowe - nazwa osobowa [1, ]
    • a
    • Nazwa osobowa (NP)
    • Danecki, Andrzej. Find
    • e
    • Określenie rodzaju współpracy
    • Red.
    • 9
    • KHW
    • 463850
710 -Hasło dodatkowe - nazwa ciała zbiorowego [2, ]
    • a
    • Nazwa ciała zbiorowego lub nazwa geograficzna jako pierwszy element (NP)
    • Uniwersytet Szczeciński.
    • b
    • Nazwa jednostki podrzędnej (P)
    • Wydawnictwo Naukowe.
    • 4
    • Kod relacji
    • pbl
    • 9
    • KHW
    • 51208
Status udost. Sygnatura Numer inwentarzowy Lokalizacja Data inwentaryzacji
2 S.73357BE1999-03-19
2 S.73358BE1999-03-19
2 S.73359BE1999-03-19
2 S.73360BE1999-03-19
2 S.73361BE1999-03-19
2 S.73362BE1999-03-19
2 S.73363BE1999-03-19
2 S.73364BE1999-03-19
2 S.73365BE1999-03-19
2 S.73366BE1999-03-19
2 S.73367BE1999-03-19
2 S.73368BE1999-03-19
2 S.73369BE1999-03-19
-2 E.60502BE1999-03-19
-6 S.73478BE1999-03-19
2 S.73479BE1999-03-19
2 S.73480BE1999-03-19
2 S.73481BE1999-03-19
-3 S.73482BE1999-03-19
2 S.73483BE1999-03-19
2 S.73484BE1999-03-19
1Z.81823Z.81823BG1999-03-19
1 F.23198BNS1999-03-19
-11 TS.73370T1999-03-19
-11 TS.73371T1999-03-19
-11 TS.73372T1999-03-19
-11 TS.73373T1999-03-19
-11 TS.73374T1999-03-19
-11 TS.73375T1999-03-19
-11 TS.73376T1999-03-19
-11 TS.73485T1999-03-19
-11 TS.73486T1999-03-19
-11 TS.73487T1999-03-19